Manažerské účetnictví metodický průvodce

Saved in:
Bibliographic Details
Main Author: Král, Bohumil
Other Authors: Menšík, Michal
Format: Book
Language:Czech
Published: Praha MANAGEMENT PRESS 2003
Subjects:
Tags: Add Tag
No Tags, Be the first to tag this record!

MARC

LEADER 00000nlm a2200000 4500
001 0002415
005 20240411081201.3
041 0 |a cze 
044 |a CZ 
245 1 0 |a Manažerské účetnictví  |b metodický průvodce  |c Bohumil Král, Michal Menšík 
264 1 |a Praha  |b MANAGEMENT PRESS  |c 2003 
300 |a 1 CD-ROM 
610 2 0 |a účtovníctvo 
610 2 0 |a manažment 
610 2 0 |a manažéri 
610 2 0 |a metodika 
610 2 0 |a účtovníctvo manažérske 
100 1 |a Král, Bohumil 
700 1 |a Menšík, Michal